Osud najstaršej ruskej knihy

Správa o najstaršej ruskej knihe Ostromirove evanjelium z 10. storočia stručne opisuje dielo, jeho objavenie, históriu, autora prepisu a reštaurovanie pri príležitosti 900. výročia jej existencie a 150. výročia jej nájdenia

Bibliographic Details
Main Author: Klička, Karol, 1927- (Author)
Format: Article
Language:Slovak
Subjects:
Online Access:plný text

MARC

LEADER 00000nab a2200000 4500
001 vtls008694141
003 SK-MaSNL
005 20260304023325.0
008 140301 1956 xo p 000 0 slo
015 |a SNBRRBDKK190120XX 
035 |a CLAS02vtls000025880 
040 |a SNKBUDKK  |b slo  |c SNKBUDKK  |e AACR2 
041 0 |a slo 
044 |a xo  |c SK 
080 |a 025.171  |x (47+57)  |2 1997 
100 1 |a Klička, Karol,  |d 1927-  |4 aut  |9 5428 
245 1 0 |a Osud najstaršej ruskej knihy  |c K. Klička 
500 |a Rubrika: Zprávy 
520 2 |a Správa o najstaršej ruskej knihe Ostromirove evanjelium z 10. storočia stručne opisuje dielo, jeho objavenie, históriu, autora prepisu a reštaurovanie pri príležitosti 900. výročia jej existencie a 150. výročia jej nájdenia 
650 0 7 |a rukopisné knihy  |z Rusko  |x správy  |2 snkbudkk  |9 1303124 
773 0 |t Knižnica : časopis pre knižnú kultúru  |g Roč. 8, č. 5 (1956), s. 224 
850 |a Slovenská národná knižnica v Martine 
852 |a SNK  |b KIS3GCP 
856 4 1 |u http://www.viks.sk/dkk/kniznica1956_224a.doc  |y plný text 
910 |a bdkk  |a memoriask 
999 |c 2615721  |d 2617651